00696nam a2200241 a 4500001001300000003000900013005001700022008004100039020001000080082001900090100002500109245004200134260003900176300000800215500003500223505001000258650002000268700002500288902000800313942000700321952011100328999001500439nice12345678IN_TiNIC20260116011924.0050524s1978 laha grp 000 0 eng  ac10000a297.1977bMAU2 aMaududi, S Abul Aala aFirst Principles of the Islamic State aLahorebIslamic Publicationsc1978 a74p aincludes index and biblioraphy2 aIndex aIslam and State1 aMaududi, S Abul Aala bSRS cBK 00104070aHMIbHMId2007-07-03g100.00l1o297.1977 MAU2p09380r2017-02-17s2017-02-14w2026-01-16yEB c4920d4920